|
|
|
|
| LEADER |
00000nam0a2200000 4500 |
| 001 |
98078 |
| 005 |
20231031111222.0 |
| 020 |
|
|
|a RU
|b 83-43343
|
| 035 |
|
|
|a (RuTPU)RU\TPU\book\105119
|
| 090 |
|
|
|a 98078
|
| 100 |
|
|
|a 20060609d1983 k a0rusy5003 ca
|
| 101 |
0 |
|
|a rus
|
| 102 |
|
|
|a RU
|
| 105 |
|
|
|a a z 001zy
|
| 200 |
1 |
|
|a Самородные металлы в гидротермальных рудах
|f М. И. Новгородова
|g АН СССР
|
| 210 |
|
|
|a Москва
|c Наука
|d 1983
|
| 215 |
|
|
|a 287 с.
|c ил.
|d 22 см
|e 1 л. ил.
|
| 320 |
|
|
|a Библиогр.: с. 276-286
|
| 610 |
1 |
|
|a самородные металлы
|
| 610 |
1 |
|
|a гидротермальные руды
|
| 610 |
1 |
|
|a распространенность
|
| 610 |
1 |
|
|a земная кора
|
| 610 |
1 |
|
|a самородные минералы
|
| 610 |
1 |
|
|a восстановительные флюиды
|
| 610 |
1 |
|
|a рудообразование
|
| 675 |
|
|
|a 553.3/.4
|z rus
|
| 700 |
|
1 |
|a Новгородова
|b М. И.
|g Маргарита Ивановна
|4 070
|
| 712 |
0 |
2 |
|a Академия наук СССР (АН СССР)
|b Институт геологии рудных месторождений, петрографии, минералогии и геохимии (ИГЕМ)
|c (Москва)
|2 stltpush
|3 (RuTPU)RU\TPU\col\11398
|
| 801 |
|
0 |
|a RU
|b RuMRKP
|c 19950704
|g psbo
|
| 801 |
|
1 |
|a RU
|b 63413507
|c 20060609
|g PSBO
|
| 801 |
|
2 |
|a RU
|b 63413507
|c 20150903
|g PSBO
|
| 942 |
|
|
|c BK
|